| 000 | 00922nam a2200253 4500 | ||
|---|---|---|---|
| 001 | 143472 | ||
| 003 | ES-MaACL | ||
| 005 | 20260127150427.0 | ||
| 007 | t| | ||
| 008 | 070214q1911 xxk r ||||1| eng d | ||
| 080 | _a75(460.353 S.)(091) | ||
| 100 | 1 |
_aSentenach, Narciso, _d1856-1925 _9105479 |
|
| 245 | 1 | 4 |
_aThe painters of the school of Seville / _cby N. Sentenach ; [translated... by Mrs. Steuart Erskine]. |
| 260 |
_aLondon : _bDuckworth and Co., _c[1911?] |
||
| 300 |
_aVIII, 261 p., [30] h. de lám. ; _c20 cm. |
||
| 530 | _aDisponible en formato digital. | ||
| 650 | 4 |
_aPintura- _zSevilla. _9143025 |
|
| 700 | 1 |
_aErskine, Steuart. _947438 |
|
| 852 |
_aES-MaACL _jG-10261 _cSPP3 |
||
| 856 | 4 |
_uhttps://archive.org/details/paintersofschool00sent _yInternet Archive |
|
| 856 | 4 |
_uhttps://archive.org/details/paintersofschool00sent_0 _yInternet Archive |
|
| 942 | _2udc | ||
| 999 |
_c143472 _d143472 |
||